logo

Bir Sreshtho Munshi Abdur Rouf Library
Jhenaidah Cadet College

কারাগারের রোজনামচা / (Record no. 10934)

MARC details
000 -LEADER
fixed length control field 00741nam a2200241 a 4500
001 - CONTROL NUMBER
JCCL Control Number 10934
003 - CONTROL NUMBER IDENTIFIER
JCCL marc code BD-JhCC
005 - DATE AND TIME OF LATEST TRANSACTION
control field 20220120134023.0
008 - FIXED-LENGTH DATA ELEMENTS--GENERAL INFORMATION
fixed length control field 190529b2018 bd ||||| |||| 00| 0 eng d
020 ## - INTERNATIONAL STANDARD BOOK NUMBER
International Standard Book Number 9840757415
035 ## - SYSTEM CONTROL NUMBER
system control number (BD-JhCC)10934
040 ## - CATALOGING SOURCE
Original cataloging agency BD-JhCC
Modifying agency BD-JhCC
041 ## - LANGUAGE CODE
Language code of Book ben
082 ## - DEWEY DECIMAL CLASSIFICATION NUMBER
Author mark and Year RAH 2018
Classification number 927
100 ## - MAIN ENTRY--PERSONAL NAME
Personal name রহমান, শেখ মুজিবুর
245 ## - TITLE STATEMENT
Title কারাগারের রোজনামচা /
Statement of responsibility, etc শেখ মুজিবুর রহমান
260 ## - PUBLICATION, DISTRIBUTION, ETC. (IMPRINT)
Place of publication, distribution, etc ঢাকা:
Name of publisher, distributor, etc বাংলা একাডেমী;
Date of publication, distribution, etc 2018.
300 ## - PHYSICAL DESCRIPTION
Pagination 332 p. :
Dimensions 22 cm.
600 ## - SUBJECT ADDED ENTRY--PERSONAL NAME
Personal name Rahman, Sheikh Mjibur
Dates associated with a name 1920-1975
650 ## - SUBJECT ADDED ENTRY--TOPICAL TERM
Topical term or geographic name as entry element Autobiography
942 ## - ADDED ENTRY ELEMENTS (KOHA)
Source of classification or shelving scheme Dewey Decimal Classification
Koha item type Books
Koha issues (borrowed), all copies 8
Holdings
Source of classification or shelving scheme Damaged status Not for loan Home library Current library Shelving location Date of accession Cost, normal purchase price Total Checkouts Full call number Barcode Date last seen Date checked out Copy number Koha item type Method of acquisition Currency
Dewey Decimal Classification     JCC Rouf Library JCC Rouf Library General Stacks 06/15/2019 320.00 4 927 RAH 2018 14759 12/15/2024 12/15/2024 C-1 Books    
Dewey Decimal Classification     JCC Rouf Library JCC Rouf Library General Stacks 06/08/2019 320.00 3 927 RAH 2018 14989 07/30/2025 01/21/2023 C-2 Books    
Dewey Decimal Classification     JCC Rouf Library JCC Rouf Library General Stacks 06/08/2019 400.00 1 927 RAH 2018 15432 04/09/2020 12/12/2019 C-3 Books    
Dewey Decimal Classification     JCC Rouf Library JCC Rouf Library General Stacks   400.00   927 RAH 2017 19159 03/27/2024   C-4 Books Purchase BDT

JCC Library | Contacts | JCC Home

Last Update on 23 September 2017
Copyright @ 2017-2020 JCC Rouf Library
Rouf Library, Jhenidah Cadet College (JCC), Bangladesh